000 00485nam a2200181Ia 4500
001 11292
005 20260306162817.0
008 260306t2013||||xx |||||||||||||| ||spa||
041 _aESP
082 _a985.03
_bA45
100 _aAlvarado Dodero, Fausto
_eAUT
245 0 _aVirreinato o Colonia:
_bhistoria conceptual. España-Perú. Siglos XVI, XVII y XVIII
260 _c2013
300 _a261 páginas :
_c24 cm.
650 _aGEN
654 _aCHU
942 _cLIB
_dJUS
_fJUS
_2ddc
_n
999 _c11292
_d11292